Countries of the World in 2450 - Statistics

General Stats
  • This quiz has been taken 750 times
  • The average score is 32 of 67
Answers on the Map
Answers color-coded by a green-red scale on the quiz's map according to % correct below.
 
Answer Stats
Countries % Correct
Canada
94%
Motherland
92%
Mexico
90%
United States
88%
China
86%
N
86%
Brazil
84%
United Kingdom
79%
Ireland
77%
Korean Empire
77%
Long Chile
77%
Scotland
77%
Sweden
75%
Norway
74%
Mongolia
71%
Cuba
67%
Sudan
65%
Bolivia
64%
Angola
60%
Namibia
59%
Vietnam
59%
Zealandian Empire
59%
Greenlandic Empire
57%
Haiti
56%
Kingdom of the Netherlands
54%
Israel
53%
Paraguay
53%
Thailand
53%
Panama
52%
Catalonia
51%
Yugoslavia
50%
Tibetan Empire
49%
Uruguay
48%
Maltese Empire
46%
Azerbaijan
45%
Bhutan
44%
Cypriot Empire
42%
Vatican
42%
Maldivian Empire
41%
Hong Kong
40%
Andorra
39%
Guyana-Suriname
38%
Singapore
38%
Cape Verde
37%
Guinean Empire
37%
Kurdistan
37%
Monaco
36%
Luxembourg
35%
Galicia
33%
Kingdom of Switzerland
33%
Basque Country
32%
San Marino
30%
Neo-Ottoman Empire
29%
Palestine
27%
Nauruan Empire
23%
Liechtenstein
22%
Great Timor
19%
Stanistan
18%
Macedonian Empire
17%
Kingdom of Man
15%
Grenada
13%
Horn of Africa
13%
Kashmiri Empire
8%
Principality of Sealand
7%
Transnistria
5%
Great Mauriccotanialicarawique
4%
Principality of Furland
3%
No matching quizzes found
Score Distribution
Percent of People with Each Score
Percentile by Number Answered
Your Score History
You have not taken this quiz